UM Logo

Research on input-parallel single-switch wireless power transfer system with constant-current and constant-voltage output / (Record no. 19132)

MARC details
000 -LEADER
fixed length control field 01133nam a22002537a 4500
003 - CONTROL NUMBER IDENTIFIER
control field OSt
005 - DATE AND TIME OF LATEST TRANSACTION
control field 20250913143653.0
008 - FIXED-LENGTH DATA ELEMENTS--GENERAL INFORMATION
fixed length control field 240214b ||||| |||| 00| 0 eng d
040 ## - CATALOGING SOURCE
Transcribing agency 0
082 ## - DEWEY DECIMAL CLASSIFICATION NUMBER
Classification number DPer 621.381 In821 April 2022 v. 37 n. 4
100 ## - MAIN ENTRY--PERSONAL NAME
Personal name Zhang, Quanlei.
Relator term author.
9 (RLIN) 52294
245 ## - TITLE STATEMENT
Title Research on input-parallel single-switch wireless power transfer system with constant-current and constant-voltage output /
Statement of responsibility, etc. Quanlei Zhang, Chunfang Wang, Hao Yuan, Shuo Zhang, Jingyu Wang, Dongxue Li, and Lingyun Yang.
260 ## - PUBLICATION, DISTRIBUTION, ETC. (IMPRINT)
Place of publication, distribution, etc. New York ;
Name of publisher, distributor, etc. The Institute of Electrical and Electronics Engineers, Inc. ,
Date of publication, distribution, etc. April 2022.
300 ## - PHYSICAL DESCRIPTION
Extent Volume 37, pages 4817-4830 :
Other physical details illustration ;
Dimensions 28 cm
500 ## - GENERAL NOTE
General note IEEE Transaction on Power Electronics, vol. 37, no. 4, pages 4817-4830, April 2022.
700 ## - ADDED ENTRY--PERSONAL NAME
Personal name Zhang, Quanlei.
Relator term author.
9 (RLIN) 52294
700 ## - ADDED ENTRY--PERSONAL NAME
Personal name Wang, Chunfang.
Relator term author.
9 (RLIN) 52295
700 ## - ADDED ENTRY--PERSONAL NAME
Personal name Yuan, Hao.
Relator term author.
9 (RLIN) 52296
700 ## - ADDED ENTRY--PERSONAL NAME
Personal name Zhang, Shuo.
Relator term author.
9 (RLIN) 52297
700 ## - ADDED ENTRY--PERSONAL NAME
Personal name Wang, Jingyu.
Relator term author.
9 (RLIN) 52298
700 ## - ADDED ENTRY--PERSONAL NAME
Personal name Li, Dongxue.
Relator term author.
9 (RLIN) 52299
700 ## - ADDED ENTRY--PERSONAL NAME
Personal name Yang, Lingyun.
Relator term author.
9 (RLIN) 52300
942 ## - ADDED ENTRY ELEMENTS (KOHA)
Source of classification or shelving scheme Dewey Decimal Classification
Koha item type Periodicals
Holdings
Withdrawn status Lost status Source of classification or shelving scheme Damaged status Not for loan Collection code Home library Current library Date acquired Total Checkouts Full call number Date last seen Price effective from Koha item type Public note
    Dewey Decimal Classification     Periodicals UM Digos College - LIC UM Digos College - LIC 02/14/2024   DPer 621.381 In821 April 2022 v. 37 n. 4 02/14/2024 02/14/2024 Periodicals Periodical Article